<?xml version="1.0" encoding="UTF-8"?>
<record
    xmlns:xsi="http://www.w3.org/2001/XMLSchema-instance"
    xsi:schemaLocation="http://www.loc.gov/MARC21/slim http://www.loc.gov/standards/marcxml/schema/MARC21slim.xsd"
    xmlns="http://www.loc.gov/MARC21/slim">

  <leader>01084cam a22002177a 4500</leader>
  <controlfield tag="001">84562)</controlfield>
  <controlfield tag="003">BD-RjUL</controlfield>
  <controlfield tag="005">20241223144511.0</controlfield>
  <controlfield tag="008">241223s1952    pk af         000 0 urd  </controlfield>
  <datafield tag="035" ind1=" " ind2=" ">
    <subfield code="a">(BD-RjUL)84562)</subfield>
  </datafield>
  <datafield tag="040" ind1=" " ind2=" ">
    <subfield code="a">DLC</subfield>
    <subfield code="c">DLC</subfield>
    <subfield code="b">eng</subfield>
  </datafield>
  <datafield tag="041" ind1=" " ind2=" ">
    <subfield code="a">urd</subfield>
  </datafield>
  <datafield tag="082" ind1=" " ind2=" ">
    <subfield code="2">23</subfield>
    <subfield code="a">297.09</subfield>
  </datafield>
  <datafield tag="100" ind1=" " ind2=" ">
    <subfield code="a">B&#x101;qir, Mu&#x1E25;ammad </subfield>
    <subfield code="9">14733</subfield>
  </datafield>
  <datafield tag="245" ind1="1" ind2="0">
    <subfield code="a">&#x62A;&#x627;&#x631;&#x649;&#x62E; &#x645;&#x645;&#x62A;&#x627;&#x632; :  / T&#x101;r&#x12B;k&#x332;h&#x332;-i Mumt&#x101;z : </subfield>
    <subfield code="b">&#x622;&#x62E;&#x631;&#x649; &#x62A;&#x627;&#x62C;&#x62F;&#x627;&#x631; &#x627;&#x648;&#x62F;&#x6BE; &#x648;&#x627;&#x62C;&#x62F; &#x639;&#x644;&#x649;&#x634;&#x627;&#x647; &#x6A9;&#x6D2; &#x62E;&#x637;&#x648;&#x637; &#x627;&#x67E;&#x646;&#x649; &#x628;&#x649;&#x6AF;&#x645; &#x627;&#x6A9;&#x644;&#x649;&#x644; &#x645;&#x62D;&#x644; &#x6A9;&#x6D2; &#x646;&#x627;&#x645; /  &#x101;k&#x332;h&#x332;ir&#x12B; t&#x101;jd&#x101;r-i Avadh V&#x101;jid &#x2BB;Al&#x12B;sh&#x101;h ke k&#x332;h&#x332;ut&#x324;&#x16B;t&#x324; apn&#x12B; begam Akl&#x12B;l Ma&#x1E25;all ke n&#x101;m t&#x101;jd&#x101;r-i Avadh V&#x101;jid &#x2BB;Al&#x12B;sh&#x101;h ke k&#x332;h&#x332;ut&#x324;&#x16B;t&#x324; apn&#x12B; begam Akl&#x12B;l Ma&#x1E25;all ke n&#x101;m /</subfield>
    <subfield code="c">murattabah, Mu&#x1E25;ammad B&#x101;qir.</subfield>
  </datafield>
  <datafield tag="260" ind1=" " ind2=" ">
    <subfield code="a">L&#x101;haur :</subfield>
    <subfield code="b">Urd&#x16B; Markaz,</subfield>
    <subfield code="c">1952.</subfield>
  </datafield>
  <datafield tag="300" ind1=" " ind2=" ">
    <subfield code="a">62 p., [6] leaves of plates :</subfield>
    <subfield code="b">ill. ;</subfield>
    <subfield code="c">25 cm.</subfield>
  </datafield>
  <datafield tag="600" ind1=" " ind2=" ">
    <subfield code="a"> Personal correspondence Wajid &#x2BB;Ali Shah, King of Oudh Wajid &#x2BB;Ali Shah, King of Oudh, </subfield>
    <subfield code="d">, 1822-1887</subfield>
    <subfield code="9">14736</subfield>
  </datafield>
  <datafield tag="650" ind1=" " ind2=" ">
    <subfield code="v"> Personal correspondence Wajid &#x2BB;Ali Shah, King of Oudh,</subfield>
    <subfield code="9">14735</subfield>
  </datafield>
  <datafield tag="942" ind1=" " ind2=" ">
    <subfield code="2">ddc</subfield>
    <subfield code="c">BK</subfield>
  </datafield>
  <datafield tag="999" ind1=" " ind2=" ">
    <subfield code="c">84562</subfield>
    <subfield code="d">84562</subfield>
  </datafield>
  <datafield tag="952" ind1=" " ind2=" ">
    <subfield code="0">0</subfield>
    <subfield code="1">0</subfield>
    <subfield code="2">ddc</subfield>
    <subfield code="4">0</subfield>
    <subfield code="7">1</subfield>
    <subfield code="8">NFIC</subfield>
    <subfield code="a">RUCL</subfield>
    <subfield code="b">RUCL</subfield>
    <subfield code="c">Reading</subfield>
    <subfield code="d">2024-12-23</subfield>
    <subfield code="l">0</subfield>
    <subfield code="o">U 297.09 BAT 1952</subfield>
    <subfield code="r">2024-12-23 00:00:00</subfield>
    <subfield code="t">C-1</subfield>
    <subfield code="w">2024-12-23</subfield>
    <subfield code="y">BK</subfield>
  </datafield>
</record>
